Basic engineering circuit analysis / (Record no. 179231)
[ view plain ]
| 000 -LEADER | |
|---|---|
| fixed length control field | 01242 a2200205 4500 |
| 003 - CONTROL NUMBER IDENTIFIER | |
| control field | Nust |
| 005 - DATE AND TIME OF LATEST TRANSACTION | |
| control field | 20221102154914.0 |
| 010 ## - LIBRARY OF CONGRESS CONTROL NUMBER | |
| LC control number | 89002372 |
| 020 ## - INTERNATIONAL STANDARD BOOK NUMBER | |
| International Standard Book Number | 0023598816 |
| 040 ## - CATALOGING SOURCE | |
| Transcribing agency | Nust |
| 082 00 - DEWEY DECIMAL CLASSIFICATION NUMBER | |
| Classification number | 621.3192,IRW |
| 100 1# - MAIN ENTRY--PERSONAL NAME | |
| Personal name | Irwin, J. David, |
| 9 (RLIN) | 15005 |
| 245 10 - TITLE STATEMENT | |
| Title | Basic engineering circuit analysis / |
| Statement of responsibility, etc. | J. David Irwin. |
| 250 ## - EDITION STATEMENT | |
| Edition statement | 3rd ed. |
| 260 ## - PUBLICATION, DISTRIBUTION, ETC. | |
| Place of publication, distribution, etc. | New York : |
| Name of publisher, distributor, etc. | Macmillan ; |
| Place of publication, distribution, etc. | London : |
| Name of publisher, distributor, etc. | Collier Macmillan, |
| Date of publication, distribution, etc. | c1989. |
| 300 ## - PHYSICAL DESCRIPTION | |
| Extent | xvii, 936 p. : |
| Other physical details | ill. (some col.) ; |
| Dimensions | 24 cm. |
| 505 ## - FORMATTED CONTENTS NOTE | |
| Formatted contents note | Basic Concepts (Page-1), Resistive Circuits (Page-20), Nodal And Loop Analysis Techniques (Page-83), DC Spice Analysis (Page-147), Additional Analysis Techniques (Page-180), Capacitance and Inductance (Page-231), RC and RL Circuits (Page-255), RLC Circuits (Page-318), Sinusoids and Phasors (Page-353), Sinusoidal Steady State Analysis (Page-405), Steady State Power Analysis (Page-444), Polyphase Circuits (Page-495), Magnetically Coupled Networks (Page-541), Frequency Characteristics (Page-595), Two Port Networks (Page-683), The Laplace Transform (Page-728), Applications of the Laplace Transform to Circuits Analysis (Page-766), Fourier Analysis Techniques (Page-809). |
| 650 #0 - SUBJECT ADDED ENTRY--TOPICAL TERM | |
| Topical term or geographic name entry element | Electric circuit analysis. |
| 9 (RLIN) | 2075 |
| 942 ## - ADDED ENTRY ELEMENTS (KOHA) | |
| Source of classification or shelving scheme | |
| Koha item type | Book |
| Withdrawn status | Lost status | Source of classification or shelving scheme | Damaged status | Not for loan | Permanent Location | Current Location | Shelving location | Date acquired | Full call number | Barcode | Date last seen | Price effective from | Koha item type | Public note |
|---|---|---|---|---|---|---|---|---|---|---|---|---|---|---|
| Military College of Signals (MCS) | Military College of Signals (MCS) | General Stacks | 12/12/2016 | 621.3192,IRW | MCS22652 | 12/08/2016 | 12/12/2016 | Book | Almirah No.29, Shelf No.6 | |||||
| Military College of Signals (MCS) | Military College of Signals (MCS) | General Stacks | 12/12/2016 | 621.3192,IRW | MCS28722 | 12/08/2016 | 12/12/2016 | Book | Almirah No.29, Shelf No.6 |
